[Event "Tata Steel India Rapid"]
[Site "Kolkata IND"]
[Date "2024.11.14"]
[Round "6"]
[White "Wesley So"]
[Black "Daniil Dubov"]
[Result "1/2-1/2"]
[EventDate "2024.11.13"]
[WhiteElo "2747"]
[BlackElo "2693"]
[PlyCount "92"]

1. e4 c5 2. Nf3 d6 3. Bb5+ Bd7 4. Bxd7+ Qxd7 5. O-O Nc6 6. Re1 e6 7. c3 d5 8. d3 Nge7 9. Nbd2 Rd8 10. e5 Nf5 11. Nf1 Be7 12. Ng3 Nxg3 13. hxg3 b5 14. d4 h6 15. Be3 c4 16. g4 b4 17. g3 Rb8 18. Kg2 bxc3 19. bxc3 Qb7 20. g5 Kd7 21. gxh6 gxh6 22. Qd2 Qb2 23. Bxh6 Rxh6 24. Qxh6 Qxc3 25. Rab1 Rxb1 26. Rxb1 Qd3 27. Qc1 Ba3 28. Qh1 Nb4 29. Qe1 a5 30. Rd1 Qc2 31. Rd2 Qe4 32. Re2 Qf5 33. Qd1 Nc6 34. Qa4 Bb4 35. a3 Bc3 36. Re3 Ba1 37. Re1 Bc3 38. Re3 Ba1 39. Qb5 Kc7 40. Qc5 Bb2 41. Qd6+ Kb6 42. Qc5+ Kc7 43. Qd6+ Kb6 44. Re2 Bc3 45. Qc5+ Kc7 46. Re3 Bb2 1/2-1/2

[Event "Tata Steel India Rapid"]
[Site "Kolkata IND"]
[Date "2024.11.13"]
[Round "2"]
[White "Rameshbabu Praggnanandhaa"]
[Black "Daniil Dubov"]
[Result "1/2-1/2"]
[EventDate "2024.11.13"]
[WhiteElo "2737"]
[BlackElo "2693"]
[PlyCount "90"]

1. d4 d5 2. c4 e6 3. Nf3 Nf6 4. Nc3 Be7 5. h3 O-O 6. cxd5 exd5 7. Bf4 c5 8. e3 cxd4 9. Nxd4 Nc6 10. Bd3 Nxd4 11. exd4 Bd6 12. Bxd6 Qxd6 13. O-O Bd7 14. Qd2 Rfe8 15. Rfe1 Bc6 16. a3 Rxe1+ 17. Rxe1 Re8 18. Rxe8+ Nxe8 19. Qe3 g6 20. f4 Ng7 21. Kf2 Qd8 22. Kg1 Qb6 23. b4 Ne6 24. Ne2 Bb5 25. Bxb5 Qxb5 26. g4 Ng7 27. Kf2 h5 28. Qe7 Qd3 29. Qd8+ Kh7 30. Qxd5 Qxh3 31. gxh5 Qh4+ 32. Kf1 Qh3+ 33. Ke1 gxh5 34. Qxf7 Qf3 35. d5 Qxa3 36. Qe7 a5 37. f5 Kg8 38. Kf2 Qh3 39. f6 Qh4+ 40. Kf1 Qh3+ 41. Ke1 Qh1+ 42. Kf2 Qh4+ 43. Kf1 Qh3+ 44. Ke1 Qh1+ 45. Kf2 1/2-1/2

[Event "Tata Steel India Rapid"]
[Site "Kolkata IND"]
[Date "2024.11.13"]
[Round "1"]
[White "Daniil Dubov"]
[Black "Nodirbek Abdusattorov"]
[Result "1/2-1/2"]
[EventDate "2024.11.13"]
[WhiteElo "2693"]
[BlackElo "2777"]
[PlyCount "128"]

1. d4 d5 2. Nf3 Nf6 3. g3 c6 4. c4 Bf5 5. Nc3 e6 6. Nh4 Be4 7. f3 Bg6 8. Qb3 Qb6 9. c5 Qc7 10. e4 Nbd7 11. Bf4 Qc8 12. exd5 Nxd5 13. Nxd5 cxd5 14. Bb5 a6 15. Ba4 Be7 16. Nxg6 hxg6 17. O-O O-O 18. Qd3 Nb8 19. b4 Nc6 20. Bxc6 bxc6 21. a4 g5 22. Bd2 Qd7 23. Kg2 g6 24. g4 f5 25. Rae1 Bf6 26. h4 gxh4 27. g5 Bg7 28. Rh1 Kf7 29. Rxh4 Rh8 30. Reh1 Rxh4 31. Rxh4 Qb7 32. Rh7 Rh8 33. Rxh8 Bxh8 34. Kf1 e5 35. dxe5 Bxe5 36. Ke2 Kg8 37. Qe3 Bg7 38. Qe8+ Kh7 39. Kd3 Qc7 40. Bc3 Qf4 41. Bxg7 Qxf3+ 42. Kc2 Kxg7 43. Qe7+ Kg8 44. Qe8+ Kg7 45. Qe7+ Kg8 46. Qe6+ Kg7 47. Qf6+ Kg8 48. Qxg6+ Kf8 49. Qd6+ Kg8 50. Qe6+ Kg7 51. b5 cxb5 52. axb5 Qf2+ 53. Kd3 Qxc5 54. Qd7+ Kg8 55. Qd8+ Kh7 56. Qd7+ Kg8 57. Qe6+ Kg7 58. bxa6 Qc4+ 59. Kd2 Qd4+ 60. Ke2 Qg4+ 61. Kf1 Qf4+ 62. Ke1 Qb4+ 63. Ke2 Qc4+ 64. Kf2 Qf4+ 1/2-1/2

[Event "Tata Steel India Rapid"]
[Site "Kolkata IND"]
[Date "2024.11.13"]
[Round "3"]
[White "Daniil Dubov"]
[Black "Sarin Nihal"]
[Result "1/2-1/2"]
[EventDate "2024.11.13"]
[WhiteElo "2693"]
[BlackElo "2676"]
[PlyCount "110"]

1. e4 c5 2. Nf3 d6 3. Bb5+ Nd7 4. O-O a6 5. Bd3 Ngf6 6. c3 Ne5 7. Be2 Nxf3+ 8. Bxf3 g6 9. d4 Nd7 10. Be3 Bg7 11. a4 O-O 12. a5 Rb8 13. Nd2 b5 14. axb6 cxd4 15. cxd4 Nxb6 16. Be2 Na8 17. h4 Nc7 18. h5 Rxb2 19. Nc4 Rb8 20. h6 Bh8 21. Qd2 Bd7 22. Na5 Nb5 23. Rfc1 Rc8 24. Nc4 Bc6 25. d5 Bb7 26. Ra2 e6 27. Na5 Rxc1+ 28. Qxc1 Nc3 29. Nxb7 Qe7 30. dxe6 fxe6 31. Bg4 Nxa2 32. Qc4 Bf6 33. Nxd6 Qxd6 34. Bc5 Qd8 35. Qxa2 Kh8 36. Bxf8 Qxf8 37. Qxe6 a5 38. Qc6 Bd4 39. Bf3 Bf6 40. g3 Be5 41. Kg2 Bf6 42. Bd1 Ba1 43. Bb3 Qd8 44. Qe6 Qf8 45. f4 Bf6 46. e5 Be7 47. g4 a4 48. Bd5 a3 49. Ba2 Bg5 50. f5 gxf5 51. gxf5 Qd8 52. Kh3 Qd3+ 53. Kg4 Qe4+ 54. Kxg5 Qh4+ 55. Kxh4 1/2-1/2

[Event "Jerusalem Masters 2024"]
[Site "Jerusalem ISR"]
[Date "2024.09.25"]
[Round "6"]
[White "I Smirin"]
[Black "Daniil Dubov"]
[Result "1/2-1/2"]
[EventDate "2024.09.24"]
[WhiteElo "2575"]
[BlackElo "2693"]
[PlyCount "102"]

1. e4 c5 2. Nf3 d6 3. d4 cxd4 4. Nxd4 Nf6 5. Nc3 g6 6. Be3 Nc6 7. f3 h5 8. Qd2 Nxd4 9. Bxd4 Bh6 10. Be3 Bxe3 11. Qxe3 Be6 12. O-O-O Qa5 13. a3 O-O 14. h3 h4 15. f4 Rfc8 16. f5 Rxc3 17. Qxc3 Qxc3 18. bxc3 gxf5 19. exf5 Bxf5 20. Rd4 Be4 21. Bd3 Bc6 22. Rxh4 Kg7 23. Re1 e5 24. c4 Rg8 25. Bf1 b6 26. Re3 Kf8 27. g4 Ke7 28. Rh6 Bd7 29. Bd3 Be6 30. Rf3 Nd7 31. Bf5 Bxc4 32. Bxd7 Kxd7 33. a4 Be6 34. Kd2 d5 35. a5 b5 36. a6 d4 37. Rh5 Kd6 38. c3 dxc3+ 39. Kxc3 Rc8+ 40. Kb4 Rc4+ 41. Kxb5 e4 42. Ra3 Rd4 43. Rh8 Bd7+ 44. Ka5 e3 45. Rd8 e2 46. Rxd7+ Kxd7 47. Re3 Rd2 48. h4 Kc6 49. Kb4 Kd5 50. Kc3 Ra2 51. Kd3 Rxa6 1/2-1/2

[Event "Jerusalem Masters 2024"]
[Site "Jerusalem ISR"]
[Date "2024.09.25"]
[Round "7"]
[White "Daniil Dubov"]
[Black "M Rodshtein"]
[Result "1/2-1/2"]
[EventDate "2024.09.24"]
[WhiteElo "2693"]
[BlackElo "2600"]
[PlyCount "120"]

1. Nf3 d5 2. c4 e6 3. d4 Nf6 4. g3 Bb4+ 5. Nbd2 O-O 6. Bg2 b6 7. O-O Bb7 8. Ne5 Qc8 9. cxd5 Bxd5 10. e4 Bb7 11. Qc2 c5 12. d5 Bxd2 13. Qxd2 exd5 14. exd5 Rd8 15. Qe2 Bxd5 16. Bg5 Bxg2 17. Kxg2 Nc6 18. Bxf6 gxf6 19. Ng4 Kg7 20. Qf3 f5 21. Ne3 Nd4 22. Qf4 Qe6 23. f3 Re8 24. Rae1 Rad8 25. b3 Qg6 26. h4 Re6 27. h5 Qf6 28. h6+ Qxh6 29. Qxd4+ Rxd4 30. Nxf5+ Kf8 31. Nxh6 Rxh6 32. Rf2 Rhd6 33. Ree2 a5 34. g4 h5 35. gxh5 R4d5 36. Re4 Rxh5 37. Kg3 Rg5+ 38. Kf4 Rgd5 39. Rh2 Rd3 40. Rh8+ Kg7 41. Ree8 Rf6+ 42. Kg5 Rd5+ 43. Kg4 Rg6+ 44. Kf4 Kf6 45. Rb8 Rd4+ 46. Ke3 Rb4 47. Rb7 Kg7 48. Re8 a4 49. Ree7 Rf6 50. Re4 Rxe4+ 51. fxe4 axb3 52. axb3 Re6 53. Kf4 Kg6 54. e5 Kg7 55. Kf5 Rh6 56. Kg5 Rg6+ 57. Kf5 Re6 58. Rb8 Rc6 59. Rb7 Rg6 60. Rb8 Rh6 1/2-1/2

[Event "Jerusalem Masters 2024"]
[Site "Jerusalem ISR"]
[Date "2024.09.25"]
[Round "8"]
[White "V Ivanchuk"]
[Black "Daniil Dubov"]
[Result "0-1"]
[EventDate "2024.09.24"]
[WhiteElo "2635"]
[BlackElo "2693"]
[PlyCount "42"]

1. e4 c5 2. Nf3 d6 3. d4 cxd4 4. Nxd4 Nf6 5. Nc3 g6 6. f3 Nc6 7. Be3 h5 8. Bc4 Bd7 9. Bb3 Na5 10. Qd3 Bg7 11. O-O-O a6 12. Kb1 b5 13. Bg5 Nxb3 14. axb3 O-O 15. h3 b4 16. Nd5 Nxd5 17. exd5 a5 18. Rhe1 a4 19. Rxe7 axb3 20. Rxf7 Qxg5 21. Rxd7 Bxd4 0-1

[Event "Jerusalem Masters 2024"]
[Site "Jerusalem ISR"]
[Date "2024.09.25"]
[Round "9"]
[White "Daniil Dubov"]
[Black "P Svidler"]
[Result "1-0"]
[EventDate "2024.09.24"]
[WhiteElo "2693"]
[BlackElo "2698"]
[PlyCount "62"]

1. e4 c5 2. Nf3 e6 3. d4 cxd4 4. Nxd4 Nc6 5. Nc3 Qc7 6. g3 a6 7. Bg2 h5 8. O-O h4 9. Re1 hxg3 10. hxg3 d6 11. Bg5 Nf6 12. Qd2 Be7 13. Nxc6 bxc6 14. e5 dxe5 15. Rxe5 O-O 16. Rae1 Rd8 17. Qf4 Bb7 18. Ne4 Nxe4 19. Bxe7 Qxe7 20. Bxe4 c5 21. Rh5 Bxe4 22. Rxe4 Rd1+ 23. Kg2 Rad8 24. Qh4 Qxh4 25. Rexh4 Kf8 26. Rxc5 Ke7 27. Ra4 R1d6 28. Kf3 f6 29. Rc7+ R8d7 30. Rxd7+ Kxd7 31. Ke3 1-0

[Event "Jerusalem Masters 2024"]
[Site "Jerusalem ISR"]
[Date "2024.09.24"]
[Round "1.4"]
[White "Ido Gorshtein"]
[Black "Daniil Dubov"]
[Result "1-0"]
[EventDate "2024.09.24"]
[WhiteElo "2543"]
[BlackElo "2693"]
[PlyCount "114"]

1. d4 Nf6 2. c4 g6 3. Nc3 Bg7 4. e4 d6 5. h3 O-O 6. Be3 Re8 7. Nf3 Nc6 8. d5 Nb4 9. a3 Na6 10. Bd3 e6 11. dxe6 Bxe6 12. O-O Nc5 13. Re1 Nfd7 14. Bg5 Qc8 15. Bf1 h6 16. Be3 Nb6 17. Nd2 a5 18. Qc2 a4 19. Nd5 Nbd7 20. Rad1 c6 21. Nf4 Qc7 22. Nb1 Qb6 23. Rxd6 Qxb2 24. Qxb2 Bxb2 25. Red1 Be5 26. Rxd7 Bxd7 27. Bxc5 Rad8 28. Nd3 Be6 29. Bb6 Bxc4 30. Bxd8 Rxd8 31. Nd2 Bxd3 32. Nf3 Bb2 33. Rxd3 Rxd3 34. Bxd3 Kf8 35. Kf1 Ke7 36. Ke2 Bxa3 37. e5 Bb2 38. Kd2 b5 39. Kc2 Ba1 40. Be4 Kd7 41. Kb1 Bc3 42. Kc2 Ba1 43. h4 Kc7 44. Kb1 Bc3 45. Kc2 Ba1 46. g4 Kb6 47. g5 hxg5 48. hxg5 Kc5 49. Ne1 b4 50. Kb1 Bc3 51. Nd3+ Kd4 52. Bxg6 b3 53. Bxf7 Kxd3 54. f4 Bd4 55. g6 Kc3 56. g7 a3 57. Bxb3 1-0

[Event "Jerusalem Masters 2024"]
[Site "Jerusalem ISR"]
[Date "2024.09.24"]
[Round "2.2"]
[White "Daniil Dubov"]
[Black "Evgeny Postny"]
[Result "1-0"]
[EventDate "2024.09.24"]
[WhiteElo "2693"]
[BlackElo "2577"]
[PlyCount "62"]

1. Nf3 d5 2. c4 e6 3. d4 Nf6 4. Bg5 Be7 5. e3 h6 6. Bxf6 Bxf6 7. Qc2 O-O 8. h4 c5 9. g4 g6 10. g5 hxg5 11. hxg5 Bg7 12. Nc3 cxd4 13. exd4 Nc6 14. O-O-O e5 15. dxe5 Bf5 16. Bd3 Nb4 17. Bxf5 Nxc2 18. Bxc2 Bxe5 19. Nxe5 Qxg5+ 20. Kb1 Qxe5 21. Nxd5 Rfd8 22. f4 Qe2 23. Bd3 Qf3 24. Rhf1 Qg2 25. f5 Rxd5 26. cxd5 Qxd5 27. fxg6 fxg6 28. Bxg6 Qe5 29. Rd7 Rc8 30. Bh7+ Kh8 31. Bc2 Rc6 1-0

[Event "Jerusalem Masters 2024"]
[Site "Jerusalem ISR"]
[Date "2024.09.24"]
[Round "3.5"]
[White "Van Foreest, Jorden"]
[Black "Daniil Dubov"]
[Result "1/2-1/2"]
[EventDate "2024.09.24"]
[WhiteElo "2696"]
[BlackElo "2693"]
[PlyCount "74"]

1. e4 c5 2. Nf3 d6 3. d4 cxd4 4. Nxd4 Nf6 5. Nc3 g6 6. Be3 Nc6 7. f3 h5 8. Bc4 Bd7 9. Bb3 Na5 10. Qd2 Rc8 11. O-O-O Bg7 12. Kb1 a6 13. h3 h4 14. Rhe1 Rh5 15. Nde2 Nxb3 16. cxb3 Bc6 17. Nf4 Rh7 18. Rc1 Kf8 19. Ncd5 Nd7 20. Rc2 Kg8 21. Rec1 e6 22. Nb4 Ne5 23. Nfd3 Nxd3 24. Qxd3 Qf6 25. Qd2 Rh5 26. Nxc6 Rxc6 27. Rxc6 bxc6 28. Rxc6 d5 29. exd5 Rxd5 30. Qe2 Rd1+ 31. Rc1 Qf5+ 32. Qc2 Rd3 33. Re1 Bxb2 34. Kxb2 Qe5+ 35. Ka3 Qa5+ 36. Kb2 Qe5+ 37. Ka3 Qa5+ 1/2-1/2

[Event "Jerusalem Masters 2024"]
[Site "Jerusalem ISR"]
[Date "2024.09.24"]
[Round "4.1"]
[White "Avital Boruchovsky"]
[Black "Daniil Dubov"]
[Result "1/2-1/2"]
[EventDate "2024.09.24"]
[WhiteElo "2537"]
[BlackElo "2693"]
[PlyCount "66"]

1. e4 c5 2. Nf3 d6 3. Bb5+ Bd7 4. Bxd7+ Qxd7 5. c4 Nc6 6. d4 cxd4 7. Nxd4 e6 8. O-O Be7 9. Nc3 Bf6 10. Be3 Nge7 11. Ndb5 Rd8 12. c5 dxc5 13. Bxc5 O-O 14. Nxa7 Nxa7 15. Qxd7 Rxd7 16. Bxa7 Rd2 17. Bc5 Re8 18. Rab1 Nc6 19. Be3 Bxc3 20. bxc3 Rxa2 21. Rxb7 Rc2 22. Rc7 Rxc3 23. Rd1 Nd4 24. Rxc3 Ne2+ 25. Kf1 Nxc3 26. Rd4 f5 27. exf5 exf5 28. Rd7 Ne4 29. g3 Nf6 30. Ra7 Nd5 31. Bd4 Re7 32. Ra8+ Kf7 33. Rd8 Nf6 1/2-1/2

[Event "Jerusalem Masters 2024"]
[Site "Jerusalem ISR"]
[Date "2024.09.24"]
[Round "5.5"]
[White "Daniil Dubov"]
[Black "Pavel Eljanov"]
[Result "1/2-1/2"]
[EventDate "2024.09.24"]
[WhiteElo "2693"]
[BlackElo "2672"]
[PlyCount "164"]

1. d4 Nf6 2. c4 e6 3. Nf3 d5 4. g3 Bb4+ 5. Nbd2 O-O 6. Bg2 b6 7. O-O Bb7 8. Ne5 Be7 9. b3 c5 10. Bb2 Nbd7 11. cxd5 exd5 12. Ndc4 Nxe5 13. Nxe5 Re8 14. Rc1 Rc8 15. e3 Rc7 16. Qe2 Bd6 17. Rfd1 cxd4 18. exd4 Ne4 19. Rxc7 Bxc7 20. Rc1 Bd6 21. Qb5 Nf6 22. Bh3 h5 23. Qd3 Ne4 24. Bg2 Qf6 25. Qf3 Qxf3 26. Bxf3 g6 27. h4 Rc8 28. Rxc8+ Bxc8 29. Be2 Kf8 30. Kg2 Nf6 31. Bc3 Nd7 32. Nc6 a5 33. Na7 Bb7 34. Nb5 Be7 35. f3 Nf6 36. Bd2 Ke8 37. Kf2 Kd7 38. Bg5 Ne8 39. Bxe7 Kxe7 40. Nc3 Bc6 41. g4 Nc7 42. Ke3 Ne6 43. a3 Kd6 44. Bd3 Bd7 45. gxh5 gxh5 46. Ne2 Ng7 47. Nf4 Bc8 48. b4 axb4 49. axb4 Bd7 50. Bh7 Be8 51. Ne2 f6 52. Ng3 Bf7 53. Bd3 Ke7 54. Ne2 Kd6 55. Nf4 Ke7 56. Kd2 Kd6 57. Kc3 Be8 58. Bh7 Ne6 59. Nxe6 Kxe6 60. Kd3 Kf7 61. Bf5 Ke7 62. Ke3 Bf7 63. Kf4 Kd6 64. Bd3 Ke6 65. Ba6 Bg6 66. Bc8+ Kd6 67. Bf5 Bf7 68. Ke3 Kc6 69. Kd2 Kd6 70. Kc3 Be8 71. Kb3 Ke7 72. f4 b5 73. Kc3 Bd7 74. Bd3 f5 75. Be2 Be8 76. Kd2 Ke6 77. Ke3 Kd6 78. Bf3 Ke6 79. Be2 Kd6 80. Bf3 Ke6 81. Be2 Kd6 82. Bf3 1/2-1/2

[Event "FIDE World Bl Team Pool B"]
[Site "Astana KAZ"]
[Date "2024.08.05"]
[Round "1.1"]
[White "Daniil Dubov"]
[Black "Kairat Yermekov"]
[Result "1-0"]
[EventDate "2024.08.05"]
[WhiteElo "2701"]
[BlackElo "2076"]
[PlyCount "26"]

1. d4 Nf6 2. Nf3 d5 3. Bg5 Bf5 4. e3 c6 5. Bxf6 exf6 6. c4 Qb6 7. Qc1 Bxb1 8. Qxb1 Bb4+ 9. Kd1 dxc4 10. Bxc4 O-O 11. Ke2 Re8 12. Qf5 Be7 13. Ng5 1-0

[Event "FIDE World Bl Team Pool B"]
[Site "Astana KAZ"]
[Date "2024.08.05"]
[Round "2.1"]
[White "Sameh Sadek"]
[Black "Daniil Dubov"]
[Result "0-1"]
[EventDate "2024.08.05"]
[WhiteElo "2286"]
[BlackElo "2701"]
[PlyCount "60"]

1. d4 Nf6 2. Nf3 g6 3. c4 Bg7 4. Nc3 O-O 5. e4 d6 6. Be2 Re8 7. Be3 Nc6 8. d5 Nb4 9. a3 Na6 10. Nd2 e6 11. O-O exd5 12. cxd5 Nc5 13. Qc2 a5 14. f3 c6 15. dxc6 bxc6 16. Rad1 Nd5 17. Nxd5 cxd5 18. Bb5 d4 19. Bf2 d3 20. Bxd3 Nxd3 21. Qxd3 Ba6 22. Nc4 d5 23. exd5 Rc8 24. b3 a4 25. d6 axb3 26. d7 Bxc4 27. dxe8=Q+ Qxe8 28. Qb1 Bxf1 29. Rxf1 b2 30. Re1 Qxe1+ 0-1

[Event "FIDE World Bl Team Pool B"]
[Site "Astana KAZ"]
[Date "2024.08.05"]
[Round "3.1"]
[White "Sameh Sadek"]
[Black "Daniil Dubov"]
[Result "1/2-1/2"]
[EventDate "2024.08.05"]
[WhiteElo "2286"]
[BlackElo "2701"]
[PlyCount "124"]

1. d4 d5 2. c4 c6 3. Nf3 Nf6 4. cxd5 cxd5 5. Nc3 Nc6 6. Bf4 Bf5 7. Qb3 Na5 8. Qa4+ Bd7 9. Qd1 e6 10. e3 Rc8 11. Bd3 Nc4 12. Qe2 Bb4 13. Rc1 Ne4 14. Bxe4 dxe4 15. Ng5 O-O 16. O-O Bxc3 17. Rxc3 Bb5 18. Qh5 h6 19. Nxe6 fxe6 20. Qxb5 Qd5 21. Qxd5 exd5 22. Rfc1 Rc6 23. b3 Na5 24. Bc7 Rxc3 25. Rxc3 Nc6 26. Rc5 Rc8 27. Be5 Rd8 28. f3 exf3 29. gxf3 Kf7 30. Kf2 Rd7 31. Bg3 Ke6 32. Ke2 g5 33. h4 Rg7 34. h5 a6 35. a3 Rg8 36. b4 Rc8 37. Kf2 Rf8 38. Ke2 Ra8 39. Kf2 Rf8 40. Kg2 Ne7 41. Rc7 Nf5 42. Bf2 Nd6 43. Rh7 Nf7 44. Rg7 Rc8 45. e4 Rc3 46. Rg6+ Ke7 47. e5 Rxa3 48. f4 gxf4 49. Bh4+ Kf8 50. e6 Ng5 51. e7+ Kxe7 52. Rxh6 Kf7 53. Bxg5 Rg3+ 54. Kf2 Rxg5 55. Rh7+ Ke6 56. Rxb7 Rxh5 57. Kf3 Rh4 58. Rb8 Kf5 59. Rf8+ Kg5 60. Rg8+ Kf5 61. Rf8+ Kg5 62. Rg8+ 1/2-1/2

[Event "FIDE World Bl Team Pool B"]
[Site "Astana KAZ"]
[Date "2024.08.05"]
[Round "4.1"]
[White "Inayat Bolat"]
[Black "Daniil Dubov"]
[Result "0-1"]
[EventDate "2024.08.05"]
[WhiteElo "2264"]
[BlackElo "2701"]
[PlyCount "66"]

1. e4 e5 2. Nf3 Nc6 3. Bb5 a6 4. Ba4 Nf6 5. O-O Be7 6. Re1 b5 7. Bb3 O-O 8. a4 Rb8 9. axb5 axb5 10. c3 d6 11. h3 b4 12. d4 bxc3 13. bxc3 exd4 14. cxd4 d5 15. e5 Ne4 16. Nbd2 Bf5 17. Bb2 Bb4 18. Re3 Na5 19. Nf1 Nc4 20. Bxc4 dxc4 21. d5 c3 22. Bc1 Rb5 23. Qd4 Bc5 24. Qd3 Rb4 25. Ba3 Ra4 26. Bxc5 Rxa1 27. Rxe4 c2 28. Qxc2 Qxd5 29. Nd2 Rb8 30. Kh2 Bxe4 31. Nxe4 Rxf1 32. Ng3 Qxe5 33. Be3 Rbb1 0-1

[Event "FIDE World Bl Team Pool B"]
[Site "Astana KAZ"]
[Date "2024.08.05"]
[Round "5.1"]
[White "Daniil Dubov"]
[Black "Rustam Khusnutdinov"]
[Result "1-0"]
[EventDate "2024.08.05"]
[WhiteElo "2701"]
[BlackElo "2429"]
[PlyCount "62"]

1. d4 d5 2. c4 dxc4 3. Nf3 Nf6 4. e3 Bg4 5. Bxc4 e6 6. h3 Bh5 7. Nbd2 Nc6 8. Qb3 Rb8 9. O-O Bd6 10. e4 e5 11. dxe5 Nxe5 12. Nxe5 Bxe5 13. Nf3 Bxf3 14. Bxf7+ Kf8 15. gxf3 Qd7 16. Be6 Qe8 17. f4 Qg6+ 18. Kh2 Bd4 19. Bf5 Qf7 20. e5 Qxb3 21. axb3 Ne8 22. Be3 Bxe3 23. fxe3 a6 24. Rad1 g6 25. Bg4 Rg8 26. Rd7 Rg7 27. Rfd1 h5 28. Bf3 Re7 29. Be4 g5 30. Rxe7 Kxe7 31. f5 1-0

[Event "FIDE World Bl Team Pool B"]
[Site "Astana KAZ"]
[Date "2024.08.05"]
[Round "6.1"]
[White "Bakhyt Balguzhinov"]
[Black "Daniil Dubov"]
[Result "0-1"]
[EventDate "2024.08.05"]
[WhiteElo "2155"]
[BlackElo "2701"]
[PlyCount "66"]

1. d4 Nf6 2. Nf3 g6 3. e3 Bg7 4. b4 O-O 5. Bb2 d6 6. c4 c5 7. a3 cxd4 8. Nxd4 d5 9. cxd5 Nxd5 10. Be2 Qb6 11. O-O Nc6 12. Bf3 Nxd4 13. Bxd4 Bxd4 14. exd4 Rd8 15. Qd2 Be6 16. Rd1 Rac8 17. Bxd5 Bxd5 18. Nc3 Bxg2 19. Kxg2 Qc6+ 20. Kg1 Qxc3 21. Qf4 Qc7 22. Qe4 Qd7 23. Rac1 Rxc1 24. Rxc1 e6 25. Rd1 Qa4 26. Rd3 Rd5 27. h4 Qd7 28. f4 Qd8 29. Rh3 b6 30. h5 Rxd4 31. Qe3 Rd1+ 32. Kf2 Qc7 33. hxg6 Qc2+ 0-1

[Event "FIDE World Bl Team Pool B"]
[Site "Astana KAZ"]
[Date "2024.08.05"]
[Round "7.1"]
[White "Daniil Dubov"]
[Black "Arystan Isanzhulov"]
[Result "1-0"]
[EventDate "2024.08.05"]
[WhiteElo "2701"]
[BlackElo "2401"]
[PlyCount "48"]

1. d4 Nf6 2. Nf3 d6 3. c4 g6 4. Nc3 Bf5 5. Qb3 b6 6. e4 Bxe4 7. Nxe4 Nxe4 8. h4 h6 9. g4 Bg7 10. Bd3 Nf6 11. g5 Ng4 12. h5 hxg5 13. Bxg5 Qd7 14. Kf1 Nc6 15. Be4 Rb8 16. Re1 Nf6 17. Bxc6 Qxc6 18. h6 Rh7 19. hxg7 Rxh1+ 20. Kg2 Rxe1 21. Bxf6 Kd7 22. d5 Qc5 23. Nxe1 exf6 24. Qh3+ 1-0

[Event "FIDE World Bl Team Final"]
[Site "Astana KAZ"]
[Date "2024.08.05"]
[Round "1.1"]
[White "Daniil Dubov"]
[Black "Denis Makhnev"]
[Result "1-0"]
[EventDate "2024.08.05"]
[WhiteElo "2701"]
[BlackElo "2551"]
[PlyCount "54"]

1. d4 Nf6 2. Nf3 e6 3. c4 d5 4. g3 Be7 5. Bg2 O-O 6. O-O a5 7. Nc3 c6 8. Ne5 Nfd7 9. Bf4 Nxe5 10. dxe5 Na6 11. Qc2 Nb4 12. Qc1 dxc4 13. Ne4 Nd5 14. Bg5 Bxg5 15. Nxg5 c3 16. h4 h6 17. Ne4 cxb2 18. Qxb2 a4 19. a3 Qa5 20. Rac1 Ra6 21. Rc5 Rb6 22. Qc1 Qa6 23. Nf6+ Nxf6 24. exf6 Qxe2 25. Rg5 g6 26. Rb5 Rxb5 27. Qxh6 1-0

[Event "FIDE World Bl Team Final"]
[Site "Astana KAZ"]
[Date "2024.08.05"]
[Round "1.2"]
[White "Denis Makhnev"]
[Black "Daniil Dubov"]
[Result "0-1"]
[EventDate "2024.08.05"]
[WhiteElo "2551"]
[BlackElo "2701"]
[PlyCount "84"]

1. d4 Nf6 2. c4 g6 3. Nc3 Bg7 4. e4 d6 5. h3 Nbd7 6. g4 c5 7. d5 b5 8. cxb5 a6 9. bxa6 Qa5 10. Bd2 Bxa6 11. Nf3 O-O 12. Be2 Rfb8 13. Rb1 Bxe2 14. Qxe2 Qa6 15. Qxa6 Rxa6 16. Kd1 Ne8 17. Kc2 Nc7 18. a3 Nb6 19. Be3 Nc4 20. Nd2 Nb6 21. Rhd1 Na4 22. Nc4 Nb6 23. b3 Bxc3 24. Kxc3 Nb5+ 25. Kd3 Nxa3 26. Ra1 Rba8 27. Nxb6 Rxb6 28. Kc3 Nb5+ 29. Kb2 Rab8 30. Ra4 Nd4 31. Bxd4 Rxb3+ 32. Kc2 cxd4 33. Rdxd4 Rb2+ 34. Kd3 Rxf2 35. Ke3 Rh2 36. Rdb4 Rxh3+ 37. Kf2 Rxb4 38. Rxb4 f6 39. Rb7 Kf7 40. Ra7 h5 41. gxh5 Rxh5 42. Ra8 Re5 0-1

[Event "FIDE World Bl Team Final"]
[Site "Astana KAZ"]
[Date "2024.08.05"]
[Round "2.1"]
[White "Liren Ding"]
[Black "Daniil Dubov"]
[Result "1/2-1/2"]
[EventDate "2024.08.05"]
[WhiteElo "2745"]
[BlackElo "2701"]
[PlyCount "66"]

1. d4 Nf6 2. c4 e6 3. Nf3 Bb4+ 4. Bd2 Qe7 5. g3 b6 6. Bg2 Bb7 7. O-O Bxd2 8. Qxd2 O-O 9. Qd3 d5 10. cxd5 Nxd5 11. Nc3 Nd7 12. e4 Nxc3 13. bxc3 e5 14. Rfe1 Rfe8 15. Nd2 Rad8 16. Qe3 Nf6 17. d5 Nd7 18. c4 a5 19. Rac1 a4 20. Red1 Nc5 21. Nf3 Bc8 22. Ne1 f5 23. Nd3 Nxe4 24. Bxe4 fxe4 25. Qxe4 Qf6 26. Re1 Bf5 27. Qe3 e4 28. Nb4 Bg4 29. Nc6 Bf3 30. Nd4 Bg4 31. Rc2 h5 32. h4 Kh7 33. Rd2 Qg6 1/2-1/2

[Event "FIDE World Bl Team Final"]
[Site "Astana KAZ"]
[Date "2024.08.05"]
[Round "2.2"]
[White "Daniil Dubov"]
[Black "Liren Ding"]
[Result "0-1"]
[EventDate "2024.08.05"]
[WhiteElo "2701"]
[BlackElo "2745"]
[PlyCount "92"]

1. d4 Nf6 2. Nf3 d5 3. c4 e6 4. Bg5 Be7 5. e3 O-O 6. Nc3 h6 7. Bxf6 Bxf6 8. cxd5 exd5 9. Qb3 c6 10. Bd3 Qb6 11. Qc2 Bg4 12. Nd2 Re8 13. O-O Nd7 14. Rae1 Nf8 15. h3 Be6 16. f4 Rad8 17. Nf3 Be7 18. Qf2 Qc7 19. Ne5 f6 20. Nf3 c5 21. Bb1 Bf7 22. Nh4 cxd4 23. exd4 Bb4 24. Rc1 Qd7 25. a3 Ba5 26. Bd3 a6 27. Bf5 Qd6 28. Bb1 Qd7 29. Kh1 Bb6 30. Rcd1 Rc8 31. Bc2 Qd8 32. Ba4 Re6 33. Rd3 Re7 34. Nf5 Rec7 35. Rg3 Bg6 36. Nxd5 Bxf5 37. Nxb6 Rc2 38. Bxc2 Rxc2 39. Qe3 Qxb6 40. Qe7 Ng6 41. Qe8+ Kh7 42. Qe1 Qxd4 43. b4 Be4 44. Kh2 Nh4 45. Rg1 Nf5 46. Rb3 Bd5 0-1

[Event "FIDE World Bl Team Final"]
[Site "Astana KAZ"]
[Date "2024.08.05"]
[Round "2.3"]
[White "Liren Ding"]
[Black "Daniil Dubov"]
[Result "0-1"]
[EventDate "2024.08.05"]
[WhiteElo "2745"]
[BlackElo "2701"]
[PlyCount "88"]

1. d4 Nf6 2. c4 e6 3. Nf3 d5 4. g3 Be7 5. Bg2 O-O 6. O-O dxc4 7. Qc2 b5 8. a4 b4 9. Nbd2 Bb7 10. Nxc4 c5 11. dxc5 Be4 12. Qd2 Nbd7 13. Nfe5 Nxc5 14. Qxd8 Rfxd8 15. Bxe4 Nfxe4 16. Nc6 Nb3 17. Nxd8 Rc8 18. Nb7 Rxc4 19. Be3 Rc7 20. f3 Nf6 21. Rad1 Rxb7 22. Rd3 Nc5 23. Bxc5 Bxc5+ 24. Kg2 g5 25. Rc1 Be7 26. Rc4 Kg7 27. Rc6 Nd7 28. Rd4 Bf6 29. Rd2 Ne5 30. Rc5 b3 31. a5 a6 32. h3 Rb4 33. f4 gxf4 34. gxf4 Rxf4 35. Rc7 Rc4 36. Rb7 Rc5 37. Rxb3 Rxa5 38. Rd6 Ra2 39. Rb7 Ng6 40. Rdd7 Ne7 41. Rxe7 Bxe7 42. Rxe7 Rxb2 43. Kf3 a5 44. Ra7 Ra2 0-1

[Event "FIDE World Rapid Team"]
[Site "Astana KAZ"]
[Date "2024.08.04"]
[Round "10.7"]
[White "Denis Makhnev"]
[Black "Daniil Dubov"]
[Result "1/2-1/2"]
[EventDate "2024.08.02"]
[WhiteElo "2528"]
[BlackElo "2763"]
[PlyCount "68"]

1. d4 d5 2. c4 e6 3. Nf3 Nf6 4. Nc3 Be7 5. Bf4 O-O 6. e3 c5 7. dxc5 Bxc5 8. Qc2 Nc6 9. Rd1 Qa5 10. a3 Be7 11. Be2 dxc4 12. Bxc4 Bd7 13. O-O Rfd8 14. Bd3 Rac8 15. h3 Be8 16. Qb3 Nd7 17. Bb1 Qb6 18. Qc2 Nf8 19. Bg5 f6 20. Bf4 Rxd1 21. Rxd1 Na5 22. Nd2 Bg6 23. e4 Bc5 24. Nf3 Nb3 25. Na4 Qb5 26. Nxc5 Rxc5 27. Qd3 Qxd3 28. Bxd3 Rc8 29. e5 Bxd3 30. Rxd3 Nc1 31. Rd2 Nb3 32. Rd3 Nc1 33. Rd2 Nb3 34. Rd3 1/2-1/2